000 00652nam a2200241Ia 4500
003 OSt
005 20221007063142.0
006 a|||||r|||| 00| 0
007 ta
008 221006b |||||||| |||| 00| 0 eng d
024 _a7,713
037 _cTextual
040 _aFLL
_cFLL
_beng
041 _2eng
_aeng
082 _aXM55:Z2, L1
100 _aShah Shantilal Mohanlal Au.
_9683851
245 0 _aLectures on company law
250 _a16th
260 _aBombay
_bN.M.Tripathi India
_c1971
300 _axxxi,442p,ccclii
_ccm.
942 _hXM55:Z2, L1
_cTEXL
_2CC
999 _c1130525
_d1130525